Personnages célèbres - Série 74 - Statistiques

Statistiques générales
  • Ce quiz a été pris 81 fois
  • Le résultat moyen est 7 sur 15
Statistiques - réponses
Par images Hint Réponse % Correct
chanteur - indice : Roxane Sting
85%
Denis - animateur Brogniart
79%
Harry - 33° des USA Truman
69%
Laurent - cyclisme Jalabert
62%
Wendie - football Renard
55%
Renée - actrice Zellweger
55%
Mathieu - humoriste Madénian
51%
Julie - actrice (Mary Poppins) Andrews
48%
Laurent - animateur Mariotte
48%
Yannick - natation Agnel
45%
Adèle - actrice Exarchopoulos
45%
Francis - réalisateur Veber
35%
Anita - actrice Ekberg
25%
Lionel - acteur Abelanski
13%
Anicet - politique Le Pors
11%
Aucun quiz correspondant
Distribution des résultats
% des personnes avec chaque résultat
Percentile par nombre de réponses
Votre historique - résultats
Vous n’avez pas pris ce quiz